书目信息 |
| 题名: |
美丽城镇产业金融论
|
|
| 作者: | 肖艳旻 著 | |
| 分册: | ||
| 出版信息: | 北京 经济管理出版社 2013 |
|
| 页数: | 257页 | |
| 开本: | 24cm | |
| 丛书名: | 中国产业金融研究创新系列丛书 | |
| 单 册: | ||
| 中图分类: | F832.35 | |
| 科图分类: | ||
| 主题词: | 城乡金融--产业发展--研究--中国 , 城乡金融 , 产业发展 | |
| 电子资源: | ||
| ISBN: | 978-7-5096-2609-2 | |
| 000 | 01246oam2 2200289 450 | |
| 001 | 523 | |
| 005 | 20140909165042.84 | |
| 010 | @a978-7-5096-2609-2@dCNY58.00 | |
| 100 | @a20131105d2013 em y0chiy50 ea | |
| 101 | 0 | @achi |
| 102 | @aCN@b110000 | |
| 105 | @ay z 000yy | |
| 106 | @ar | |
| 200 | 1 | @a美丽城镇产业金融论@AMei Li Cheng Zhen Chan Ye Jin Rong Lun@dIndustrial finance theory of beautiful towns@f肖艳旻著@FXiao Yan旻 Zhu@zeng |
| 210 | @a北京@c经济管理出版社@d2013 | |
| 215 | @a257页@d24cm | |
| 225 | 2 | @a中国产业金融研究创新系列丛书 |
| 330 | @a本书从产业金融的角度谈美丽城镇建设,重点阐述了创新城镇化建设和发展资金筹措的渠道和机制,立足于金融创新,推动城镇主题化、农村城镇化和农业产业化,建立中央政府、地方政府、企业、投资商和社会共同参与、市场化运作的新型城镇建设投融资机制和规范有效的城镇建设投融资方式,即是解决城镇化建设和发展资金短缺问题的有效途径,又是家具发展的迫切要求。 | |
| 461 | 0 | @12001 @a中国产业金融研究创新系列丛书 |
| 510 | 1 | @aIndustrial finance theory of beautiful towns@zeng |
| 606 | 0 | @a城乡金融@x产业发展@x研究@y中国 |
| 606 | 0 | @a城乡金融 |
| 606 | 0 | @a产业发展 |
| 690 | @aF832.35@v5 | |
| 701 | 0 | @a肖艳旻@AXiao Yan旻@4著 |
| 801 | 0 | @aCN@bTANGWEI@c20140603 |
| 905 | @b0839926-28@dF832.35@e103@f3 | |
| 美丽城镇产业金融论=Industrial finance theory of beautiful towns/肖艳旻著.-北京:经济管理出版社,2013 |
| 257页;24cm.-(中国产业金融研究创新系列丛书) |
| ISBN 978-7-5096-2609-2:CNY58.00 |
| 本书从产业金融的角度谈美丽城镇建设,重点阐述了创新城镇化建设和发展资金筹措的渠道和机制,立足于金融创新,推动城镇主题化、农村城镇化和农业产业化,建立中央政府、地方政府、企业、投资商和社会共同参与、市场化运作的新型城镇建设投融资机制和规范有效的城镇建设投融资方式,即是解决城镇化建设和发展资金短缺问题的有效途径,又是家具发展的迫切要求。 |
| ● |
| 相关链接 |
|
|
|
|
正题名:美丽城镇产业金融论
索取号:F832.35/103
 
预约/预借
| 序号 | 登录号 | 条形码 | 馆藏地/架位号 | 状态 | 备注 |
| 1 | 0839926 | 208399268 | 第一样本阅览室/ [索取号:F832.35/103] | 在馆 | |
| 2 | 0839927 | 208399277 | 第一借阅区/ [索取号:F832.35/103] | 在馆 | |
| 3 | 0839928 | 208399286 | 经管系资料室/ [索取号:F832.35/103] | 在馆 |